Reglamento de la Hermandad del Patronato Social Escolar de Obreras, del Poblet
Descripción Física:
[16] p. ; 15 cm
MARC
| LEADER | 00000nam a2200000Ia 4500 | ||
|---|---|---|---|
| 001 | 19382 | ||
| 008 | 160829s9999 xx 000 0 cat d | ||
| 080 | |a 3402, exp. 1 | ||
| 100 | |a Patronat Social Escolar d'Obreres de Poblet |9 48375 | ||
| 245 | |a Reglamento de la Hermandad del Patronato Social Escolar de Obreras, del Poblet | ||
| 260 | |a Barcelona : |b Imprenta de Francisco Altés y Alabart, [191 - ?] | ||
| 300 | |a [16] p. ; |c 15 cm | ||
| 650 | |a Patronat Social Escolar d'Obreres de Poblet |x Reglaments i procediment |9 48398 | ||
| 901 | |a Arxiu | ||
| 942 | |n 1 | ||
| 952 | |0 0 |1 0 |4 0 |6 3402_EXP_1 |7 1 |9 54516 |a Arxiu |b Arxiu |d 2016-12-01 |l 0 |o 3402, exp. 1 |p 19382 |r 2016-12-01 00:00:00 |w 2016-12-01 |y ARXIU | ||
| 999 | |c 58385 |d 58385 | ||